000 00440nam a2200133Ia 4500
008 220620s9999||||xx |||||||||||||| ||und||
020 _a9780260000000
100 _aKinskey, Rebecca
245 0 _aWe Used to Wait
_bMusic Videos and Creative Literacy
546 _aEnglish[eng]
650 _aMedia studies||Educational equipment and technology, computer-aided learning (CAL)
856 _uhttp://mitpress.mit.edu/9780262526920
942 _cEB
999 _c32261
_d32261